000 00788cam a2200229 4500
001 4410
005 20181127173336.0
008 041213s2005 nyuab b 001 0 eng
010 _a 2004065942
020 _a9780141018669
_c
_z
042 _apcc
043 _ad------
100 1 _aSachs, Jeffrey.
245 1 4 _aThe end of poverty :
_beconomic possibilities for our time /
_cJeffrey D. Sachs.
260 _aNew York :
_bPenguin Press,
_c2005.
300 _axviii, 396 p. :
_bill. (some col.), col. maps ;
_c25 cm.
504 _aIncludes bibliographical references and index.
650 0 _aEconomic assistance
_zDeveloping countries.
650 0 _aPoverty
_zDeveloping countries.
651 0 _aDeveloping countries
_xEconomic conditions.
651 0 _aDeveloping countries
_xEconomic policy.
999 _c3647
_d3647